Collaborative leadership in action : partnering for success in schools /

Bibliographic Details
Other Authors: Wepner, Shelley B., 1951-, Hopkins, Dee
Format: Book
Language:English
Published: New York : Teachers College Press, [2011]
Subjects:

MARC

Tag First Indicator Second Indicator Subfields
LEADER 00000cam a2200000 a 4500
001 in00002641021
005 20151202112800.0
008 100726s2011 nyu b 001 0 eng
010 |a  2010030296 
020 |a 9780807751466 (pbk. : alk. paper) 
020 |a 0807751464 (pbk. : alk. paper) 
020 |a 9780807751473 (hardcover : alk. paper) 
020 |a 0807751472 (hardcover : alk. paper) 
035 |a (OCoLC)ocn650504698 
035 |a (OCoLC)650504698 
040 |a DLC  |c DLC  |d YDXCP  |d C#P  |d UtOrBLW 
049 |a TXAM 
050 0 0 |a LB2805  |b .C595 2011 
082 0 0 |a 371.2/07  |2 22 
245 0 0 |a Collaborative leadership in action :  |b partnering for success in schools /  |c edited by Shelley B. Wepner, Dee Hopkins ; foreword by David Berliner. 
264 1 |a New York :  |b Teachers College Press,  |c [2011] 
264 4 |c ©2011 
300 |a xiv, 201 pages ;  |c 23 cm. 
336 |a text  |b txt  |2 rdacontent 
337 |a unmediated  |b n  |2 rdamedia 
338 |a volume  |b nc  |2 rdacarrier 
504 |a Includes bibliographical references and index. 
505 0 |a The value of partnerships / Dee Hopkins -- Types of partnerships / David M. Byrd and D. John McIntyre -- Developing partnerships with purpose / Lee Teitel -- Sustaining partnerships / Diane Yendol-Hoppey, David Hoppey, and Ted Price -- Making evaluation useful : improving partnerships through ongoing collaborative assessment / Jerry W. Willis -- Defining collaborative leadership / Shelley B. Wepner -- How collaborative leaders cross boundaries / Jeffrey Glanz -- How to become a collaborative leader / Shelley B. Wepner. 
650 0 |a Educational leadership. 
650 0 |a Educational innovations. 
650 0 |a Teaching teams. 
700 1 |a Wepner, Shelley B.,  |d 1951- 
700 1 |a Hopkins, Dee. 
938 |a YBP Library Services  |b YANK  |n 3421379 
945 |a PromptCat  |b 147470 
946 |a stk 
947 |a A14839765058 
994 |a 92  |b TXA 
948 |a Cataloged  |b h  |c 2010/12/3  |d c  |e ibarton 
999 |a MARS 
999 f f |s df7c0daa-086a-328f-9bc0-86ad37c37700  |i bf7e9a1d-2e25-390b-ae61-7205957af0ba  |t 0 
952 f f |p normal  |a Texas A&M University  |b College Station  |c Sterling C. Evans Library  |d Evans: Library Stacks  |t 0  |e LB2805 .C595 2011  |h Library of Congress classification  |i unmediated -- volume  |m A14839765058 
998 f f |a LB2805 .C595 2011  |t 0  |l Evans: Library Stacks